The invisible glass /

Gespeichert in:
Bibliographische Detailangaben
1. Verfasser: Wahl, Loren
Format: Buch
Sprache:Englisch
Veröffentlicht: New York : Greenberg, 1950
Tags: Tag hinzufügen
Keine Tags, Fügen Sie das erste Tag hinzu!

MARC

LEADER 00000nam a22000007i 4500
001 IT\ICCU\UBO\4752195
003 ItRI
005 20260115232320.0
008 231116s1950 xxu|||||| ||||| |||||c
040 |b ita  |c importazione bologna sebina 
041 7 |a eng  |2 ISO-639-2 
100 1 |a Wahl, Loren  |0 IT\ICCU\UBOV\093855 
240 1 4 |a The invisible glass  |3 IT\ICCU\UBO\4752199  |9 Wahl, Loren 
245 1 4 |a The invisible glass /  |c Loren Wahl. 
260 |a New York :  |b Greenberg,  |c 1950 
300 |a 230 p. ;  |c 22 cm 
942 |2 ddc  |c BK  |n 0 
952 |0 0  |1 0  |4 0  |6 DOC_813_540000000000000_WAH  |7 0  |9 24067  |a BO  |b BO  |d 2026-01-15  |i 20259  |l 0  |o DOC 813.54 WAH  |p BO20259  |r 2026-01-15 23:23:20  |w 2026-01-15  |x [Sebina 7] [1 v.]  |y BK  |z 1 v. 
999 |c 20494  |d 20494